书目信息 |
| 题名: |
普列汉诺夫与唯物史观
|
|
| 作者: | 李清昆 , 王秀芳 著 | |
| 分册: | ||
| 出版信息: | 石家庄 河北人民出版社 1984 |
|
| 页数: | 341页 | |
| 开本: | 21cm | |
| 丛书名: | ||
| 单 册: | ||
| 中图分类: | B512.54 | |
| 科图分类: | ||
| 主题词: | 历史唯物主义 | |
| 电子资源: | ||
| ISBN: | ||
| 000 | 00738nam0 2200265 45 | |
| 001 | 0184010108 | |
| 005 | 20040423085344.1 | |
| 010 | @dCNY1.35 | |
| 091 | @aCN@b1086.107 | |
| 100 | @a19950630d1984 em y0chiy0121 ea | |
| 101 | 0 | @achi |
| 102 | @aCN@b130000 | |
| 105 | @ay z 000yd | |
| 106 | @ar | |
| 200 | 10 | @a普列汉诺夫与唯物史观@Apu lie han nuo fu yu wei wu shi guan@f李清昆,王秀芳著 |
| 210 | @a石家庄@c河北人民出版社@d1984 | |
| 215 | @a341页@d21cm | |
| 600 | 1 | @a普列汉诺夫@bA.N.@x哲学 |
| 606 | @a历史唯物主义 | |
| 690 | @aB512.54@v3 | |
| 701 | 0 | @a李清昆@Ali qing kun@4著 |
| 701 | 0 | @a王秀芳@Awang xiu fang@4著 |
| 801 | 0 | @aCN@b上海图书馆@c20040423 |
| 801 | 2 | @aCN@bNLC@c20040423 |
| 905 | @f2@b127777-778@dB512.54@e5 | |
| 普列汉诺夫与唯物史观/李清昆,王秀芳著.-石家庄:河北人民出版社,1984 |
| 341页;21cm |
| ISBN :CNY1.35 |
| ● |
| 相关链接 |
|
|
|
|
正题名:普列汉诺夫与唯物史观
索取号:B512.54/5
 
预约/预借
| 序号 | 登录号 | 条形码 | 馆藏地/架位号 | 状态 | 备注 |
| 1 | 0127777 | 000518149 | 第一借阅区/ [索取号:B512.54/5] | 在馆 | |
| 2 | 0127778 | 000577708 | 第一样本阅览室/ [索取号:B512.54/5] | 在馆 | |
| 3 | 0127779 | 001768046 | 密集书库/ [索取号:B512.54/5] | 在馆 |